Mello vinnare - Statistics

General Stats
  • This quiz has been taken 20 times
    10 since last reset
  • The average score is 64 of 132
Answer Stats
Hint Answer % Correct
Låt Bara bada bastu
100%
2018 Benjamin Ingrosso
100%
2022 Cornelia Jakobs
100%
Låt Euphoria
100%
2026 FELICIA
100%
Låt Hold Me Closer
100%
2019 John Lundvik
100%
2025 KAJ
100%
2012 | 2023 Loreen
100%
2015 Måns Zelmerlöw
100%
2024 Marcus & Martinus
100%
Låt My System
100%
Låt Tattoo
100%
2020 The Mamas
100%
2021 Tusse
100%
Låt Unforgettable
100%
1974 ABBA
67%
1958 Alice Babs
67%
2010 Anna Bergendahl
67%
1991 | 2006 Carola
67%
1983 Carola Häggkvist
67%
2008 Charlotte Perrelli
67%
Låt Dance You Off
67%
2011 Eric Saade
67%
Låt Fångad av en stormvind
67%
2016 Frans
67%
Låt Hero
67%
Låt Heroes
67%
Låt I Can't Go On
67%
Låt If I were sorry
67%
Låt Move
67%
Låt Popular
67%
2017 Robin Bengtsson
67%
2013 Robin Stjernberg
67%
2000 Roger Pontare
67%
2014 Sanna Nielsen
67%
1960 Siw Malmkvist
67%
Låt Undo
67%
Låt Voices
67%
Låt Waterloo
67%
Låt You
67%
Låt Absent Friends / Annorstädes vals
33%
2002 Afro-Dite
33%
Låt Alla andra får varann
33%
Låt April, april
33%
1993 Arvingarna
33%
Låt Augustin
33%
Låt Bara hon älskar mig
33%
Låt Beatles
33%
1978 | 1981 Björn Skifs
33%
1997 Blond
33%
Låt Boogaloo / Fyra bugg och en Coca-Cola
33%
Låt Bra vibrationer
33%
1559 Brita Borg
33%
1999 Charlotte Nilsson
33%
1982 Chips
33%
1992 Christer Björkman
33%
1968 Claes-Göran Hederström
33%
Låt Dag efter dag
33%
Låt Den vilda
33%
Låt Det blir alltid värre framåt natten
33%
Låt Det börjar verka kärlek, banne mej
33%
Låt Diggi-loo diggi-ley
33%
Låt E' de' det här du kallar kärlek?
33%
1990 Edin-Ådahl
33%
Låt Eloise
33%
Låt En dag
33%
Låt En gång i Stockholm
33%
2003 Fame
33%
1971 | 1972 Family Four
33%
Låt Fångad i en dröm
33%
1977 Forbes
33%
Låt Främling
33%
2001 Friends
33%
Låt Give me your love
33%
Låt Härliga sommardag
33%
1984 Herreys
33%
Låt I morgon är en annan dag
33%
1962 Inger Berggren
33%
1965 Ingvar Wixell
33%
Låt Invincible / Evighet
33%
Låt It hurts / Det gör ont
33%
1995 Jan Johansen
33%
Låt Jennie, Jennie
33%
1998 Jill Johnson
33%
Låt Judy, min vän
33%
Låt Just nu!
33%
Låt Kärleken är
33%
1985 Kikki Danielsson
33%
1975 Lars Berghagen
33%
1986 Lasse Holm & Monica Törnell
33%
Låt Las Vegas
33%
Låt La voix
33%
2004 Lena Philipsson
33%
Låt Lilla stjärna
33%
1961 Lill-Babs
33%
1966 Lill Lindfors & Svante Thuresson
33%
Låt Listen to your heartbeat / Lyssna till ditt hjärta
33%
1987 Lotta Engberg
33%
2009 Malena Ernman
33%
1994 Marie Bergman & Roger Pontare
33%
2005 Martin Stenmarck
33%
1963 Monica Zetterlund
33%
Låt Never let it go
33%
1973 Nova (Malta)
33%
Låt Nygammal vals (eller Hip man svinaherde)
33%
1996 One More Time
33%
1967 Östen Warnerbring
33%
Låt Satellit
33%
Låt Se på mig
33%
Låt Sol och vår
33%
Låt Som en dröm
33%
Låt Som en vind
33%
Låt Stad i ljus
33%
Låt Stjärnorna
33%
Låt Take me to your heaven / Tusen och en natt
33%
1979 Ted Gärdestad
33%
2007 The Ark
33%
Låt The worrying kind
33%
Låt This is my life
33%
1980 Tomas Ledin
33%
1969 | 1988 Tommy Körberg
33%
1989 Tommy Nilsson
33%
Låt Too Late for Love
33%
Låt Vita vidder
33%
Låt When the spirits are calling my name / När vindarna viskar mitt namn
33%
Låt You're summer / Sommar'n som aldrig säger nej
33%
No matching quizzes found
Score Distribution
Percent of People with Each Score
Percentile by Number Answered
Your Score History
You have not taken this quiz since the last reset